[Event "Madrid-ch Previa A"]
[Site "Madrid ESP"]
[Date "2016.02.10"]
[Round "3.18"]
[White "Diaz Begonte, Manuel"]
[Black "Cano Mercado, Francisco Manuel"]
[Result "1/2-1/2"]
[WhiteElo "1656"]
[BlackElo "1827"]
[PlyCount "117"]
[EventDate "2016.02.08"]
[EventType "swiss"]
[EventRounds "9"]
[EventCountry "ESP"]
[SourceDate "2016.02.08"]

1. e4 c5 2. d4 cxd4 3. c3 dxc3 4. Nxc3 Nc6 5. Nf3 a6 6. Bc4 e6 7. O-O Be7 8.
Qe2 d6 9. Rd1 Qc7 10. Bf4 Ne5 11. Bxe5 dxe5 12. Bb3 Nf6 13. Rac1 Qb8 14. a4 b6
15. h3 O-O 16. Nh2 Nd7 17. Ba2 b5 18. axb5 axb5 19. b3 b4 20. Na4 Ba6 21. Qe3
Bb5 22. Bb1 h6 23. Nf3 Qb7 24. Nb2 Rac8 25. Nc4 Bc5 26. Qd2 Qb8 27. Bd3 Bxc4
28. Bxc4 Nf6 29. Qe2 Rcd8 30. Bd3 Bd4 31. Nd2 Bc3 32. Nc4 Rd4 33. f3 Nh5 34.
Kh2 Nf4 35. Qf1 Rfd8 36. Bc2 R8d7 37. Rxd4 exd4 38. g3 d3 39. Rd1 Ne2 40. f4
Qd8 41. Bb1 Rd4 42. Qf3 f6 43. Rxd3 Nc1 44. Rxd4 Qxd4 45. e5 f5 46. Bc2 Bd2 47.
Kg2 Na2 48. Qa8+ Kh7 49. Qxa2 Qd5+ 50. Kh2 Bc3 51. Bxf5+ exf5 52. Qg2 Qc5 53.
Qe2 Qe7 54. Qd3 Qe6 55. Qd6 Qc8 56. e6 Qa8 57. Qd3 Qa2+ 58. Kg1 Qa1+ 59. Kg2
1/2-1/2

[Event "Madrid-ch Previa A"]
[Site "Madrid ESP"]
[Date "2016.02.10"]
[Round "3.19"]
[White "Bellagamba, Pascal"]
[Black "Lopez Heras, Arturo"]
[Result "0-1"]
[WhiteElo "1652"]
[BlackElo "1812"]
[PlyCount "58"]
[EventDate "2016.02.08"]
[EventType "swiss"]
[EventRounds "9"]
[EventCountry "ESP"]
[SourceDate "2016.02.08"]

1. Nf3 Nf6 2. b3 g6 3. Bb2 Bg7 4. d3 O-O 5. e4 d6 6. g3 c5 7. Bg2 Nc6 8. Nbd2
Rb8 9. O-O Bg4 10. h3 Bd7 11. Re1 e5 12. Nc4 Qc7 13. Ne3 b5 14. Kh2 Ne7 15. Rc1
Ne8 16. Ng1 f5 17. f4 exf4 18. Bxg7 fxg3+ 19. Kh1 Nxg7 20. exf5 Ngxf5 21. c4
Nxe3 22. Rxe3 Nf5 23. Bd5+ Kg7 24. Re4 Bc6 25. Qe2 Bxd5 26. cxd5 Qf7 27. Re6
Nd4 28. Qb2 Qf2 29. Re7+ Kg8 0-1

[Event "Madrid-ch Previa A"]
[Site "Madrid ESP"]
[Date "2016.02.10"]
[Round "3.20"]
[White "Fernandez Aransay, Fernando"]
[Black "Garcia Lafuente, Luis"]
[Result "1-0"]
[WhiteElo "1800"]
[BlackElo "1494"]
[PlyCount "103"]
[EventDate "2016.02.08"]
[EventType "swiss"]
[EventRounds "9"]
[EventCountry "ESP"]
[SourceDate "2016.02.08"]

1. e4 c5 2. Nf3 Nc6 3. d4 cxd4 4. Nxd4 e5 5. Nb5 d6 6. N1c3 a6 7. Na3 Nf6 8.
Bg5 Be7 9. Bxf6 gxf6 10. Be2 Be6 11. O-O b5 12. Nd5 Rc8 13. c3 f5 14. exf5 Bxf5
15. Bg4 Bxg4 16. Qxg4 h5 17. Qh3 Rb8 18. Nc2 Qd7 19. Qd3 Qg4 20. Nce3 Qg6 21.
Qxg6 fxg6 22. Nc7+ Kd7 23. Nxa6 Ra8 24. Nb4 Nxb4 25. cxb4 Rhc8 26. Nd5 Bd8 27.
Nc3 Rc4 28. a3 Rb8 29. Rfd1 Ke6 30. Kf1 Bf6 31. f3 Be7 32. Rd3 Rb7 33. Rad1 Rb8
34. Ke2 Rb7 35. Rd5 Rb6 36. Rxb5 Rxb5 37. Nxb5 Rc2+ 38. Rd2 Rxd2+ 39. Kxd2 d5
40. Kd3 Bd8 41. Nc3 Bb6 42. Ne2 g5 43. h3 h4 44. a4 Kf5 45. a5 e4+ 46. fxe4+
dxe4+ 47. Kc4 Bf2 48. Kd5 Ba7 49. b5 Be3 50. b6 Bf4 51. a6 Be3 52. a7 1-0

[Event "Madrid-ch Previa A"]
[Site "Madrid ESP"]
[Date "2016.02.10"]
[Round "3.21"]
[White "Lopez Ziegler, Juan Jose"]
[Black "Corredor San Jose, Antonio"]
[Result "1/2-1/2"]
[WhiteElo "1574"]
[BlackElo "1792"]
[PlyCount "88"]
[EventDate "2016.02.08"]
[EventType "swiss"]
[EventRounds "9"]
[EventCountry "ESP"]
[SourceDate "2016.02.08"]

1. d4 Nf6 2. Nf3 e6 3. Bf4 b6 4. e3 Bb7 5. Bd3 Nc6 6. c3 Ne7 7. h3 Ng6 8. Bh2
Be7 9. Nbd2 O-O 10. O-O d6 11. Qe2 Re8 12. Rfe1 Bf8 13. Rad1 Qe7 14. e4 e5 15.
d5 Nh5 16. g3 Bc8 17. Bb5 Rd8 18. Kg2 Qf6 19. Rh1 a6 20. Ba4 b5 21. Bc2 Bd7 22.
Rdf1 c5 23. Nxe5 Qxe5 24. f4 Nhxf4+ 25. gxf4 Qe7 26. Nf3 Re8 27. Re1 Qf6 28.
Qd2 Rad8 29. Bg3 Bc8 30. f5 Ne5 31. Qf4 Nxf3 32. Kxf3 Qe7 33. Rhg1 f6 34. h4
Qf7 35. Qg4 h6 36. Bf4 Kh8 37. Bd1 Bb7 38. Kf2 c4 39. Qg2 Rd7 40. Bg4 Be7 41.
Qf3 Qf8 42. Bh5 Rc8 43. Bg6 Bd8 44. Be3 Re7 1/2-1/2

[Event "Madrid-ch Previa A"]
[Site "Madrid ESP"]
[Date "2016.02.10"]
[Round "3.22"]
[White "Martin Rodriguez, Jose Luis"]
[Black "Gonzalez Recas, Fernando"]
[Result "0-1"]
[WhiteElo "1354"]
[BlackElo "1766"]
[PlyCount "74"]
[EventDate "2016.02.08"]
[EventType "swiss"]
[EventRounds "9"]
[EventCountry "ESP"]
[SourceDate "2016.02.08"]

1. e4 d6 2. d4 Nf6 3. Nc3 g6 4. f4 Bg7 5. Nf3 c5 6. dxc5 Qa5 7. Bd3 Qxc5 8. Qe2
Nc6 9. Be3 Qa5 10. O-O O-O 11. a3 Ng4 12. Bd2 Bd7 13. h3 Nf6 14. Qf2 Qd8 15. g4
h5 16. Qh4 e6 17. Qg3 Qe7 18. Rae1 Rae8 19. f5 Qd8 20. Rb1 Qb6+ 21. Kg2 Nd4 22.
Be3 Nxf5 23. Bxb6 Nxg3 24. Kxg3 axb6 25. gxh5 Nxh5+ 26. Kh4 Bf6+ 27. Ng5 Kg7
28. Rxf6 Nxf6 29. Bb5 Rh8+ 30. Kg3 Bxb5 31. Nxb5 Rh5 32. Nxd6 Rxg5+ 33. Kf4 Rh5
34. Nxe8+ Nxe8 35. Kg4 Nf6+ 36. Kf4 Rxh3 37. Ke5 Re3 0-1

[Event "Madrid-ch Previa A"]
[Site "Madrid ESP"]
[Date "2016.02.10"]
[Round "3.24"]
[White "Jimenez Gonzalez, Marcos"]
[Black "Jaumandreu Llopis, Antonio"]
[Result "1/2-1/2"]
[WhiteElo "1807"]
[BlackElo "1504"]
[PlyCount "70"]
[EventDate "2016.02.08"]
[EventType "swiss"]
[EventRounds "9"]
[EventCountry "ESP"]
[SourceDate "2016.02.08"]

1. d4 Nf6 2. Bf4 g6 3. e3 Bg7 4. Nf3 d6 5. Be2 O-O 6. O-O Nbd7 7. h3 Re8 8. c4
Ne4 9. Qc2 Nef6 10. Nc3 c5 11. Rfd1 b6 12. d5 Bb7 13. Bh2 a6 14. Rac1 b5 15.
cxb5 Nb6 16. bxa6 Bxa6 17. Bxa6 Rxa6 18. b3 Qd7 19. a4 Rea8 20. Qd3 c4 21. bxc4
Nxa4 22. Nxa4 Rxa4 23. Bf4 Ra3 24. Qb1 Nh5 25. Bh2 Ra2 26. Nd4 Qa4 27. Qb3 Qxb3
28. Nxb3 Rb2 29. Rb1 Rc2 30. g4 Nf6 31. Rdc1 Re2 32. Nd4 Rd2 33. Rd1 Ne4 34.
Rxd2 Nxd2 35. Rc1 Ra4 1/2-1/2

[Event "Madrid-ch Previa A"]
[Site "Madrid ESP"]
[Date "2016.02.10"]
[Round "3.25"]
[White "Rodriguez Bachiller, Luis"]
[Black "Veuthey Martinez, Eloy"]
[Result "1-0"]
[WhiteElo "1685"]
[BlackElo "1537"]
[PlyCount "99"]
[EventDate "2016.02.08"]
[EventType "swiss"]
[EventRounds "9"]
[EventCountry "ESP"]
[SourceDate "2016.02.08"]

1. e4 d6 2. d4 Nf6 3. Nc3 e5 4. dxe5 dxe5 5. Qxd8+ Kxd8 6. Bg5 Be6 7. O-O-O+
Nbd7 8. Nf3 Bd6 9. Bb5 Ke7 10. Bxd7 Kxd7 11. Nxe5+ Ke7 12. Nf3 h6 13. Bh4 Bf4+
14. Kb1 g5 15. Bg3 Bxg3 16. hxg3 Ng4 17. Rd2 c6 18. b3 Rad8 19. Nd1 f5 20. exf5
Bxf5 21. Re1+ Kf6 22. Kc1 Rhe8 23. Rxe8 Rxe8 24. Rd6+ Kg7 25. Rd2 Kf7 26. Nd4
Bg6 27. Re2 Rxe2 28. Nxe2 Ke6 29. f3 Nf6 30. Ne3 Nd5 31. Nxd5 Kxd5 32. c3 c5
33. Kd2 b5 34. a3 a5 35. f4 Be4 36. g4 gxf4 37. Nxf4+ Ke5 38. g3 Bf3 39. Nd3+
Kd5 40. Nf2 b4 41. axb4 axb4 42. cxb4 cxb4 43. Ke3 Bg2 44. Nd3 Kd6 45. Nxb4 Bh3
46. Kf4 Ke6 47. Nd3 Bf1 48. Ne5 Kf6 49. Nf3 Be2 50. g5+ 1-0

[Event "Madrid-ch Previa A"]
[Site "Madrid ESP"]
[Date "2016.02.10"]
[Round "3.27"]
[White "Algaba Traspuesto, Jose Antonio"]
[Black "Torres Alvarez, Augusto"]
[Result "1/2-1/2"]
[WhiteElo "1635"]
[BlackElo "1501"]
[PlyCount "70"]
[EventDate "2016.02.08"]
[EventType "swiss"]
[EventRounds "9"]
[EventCountry "ESP"]
[SourceDate "2016.02.08"]

1. d4 Nf6 2. Nf3 g6 3. Nc3 Bg7 4. e4 d6 5. Be2 O-O 6. Be3 Nbd7 7. h3 e5 8. Qd2
Re8 9. dxe5 Nxe5 10. Nxe5 dxe5 11. Qxd8 Rxd8 12. Bg5 h6 13. Bxf6 Bxf6 14. Nd5
Bg7 15. Nxc7 Rb8 16. O-O a6 17. Rfd1 Bd7 18. Nd5 Bc6 19. Ne7+ Kf8 20. Nxc6 bxc6
21. Bxa6 Rxd1+ 22. Rxd1 Rxb2 23. Bc4 Rxc2 24. Bb3 Rc3 25. Kf1 h5 26. Ke2 Bh6
27. g3 Ke7 28. Rd3 Rxd3 29. Kxd3 Bc1 30. a4 Bb2 31. a5 Bd4 32. a6 Bxf2 33. Ba4
Kd6 34. Bb3 Ke7 35. Bc4 Kd6 1/2-1/2

[Event "Madrid-ch Previa A"]
[Site "Madrid ESP"]
[Date "2016.02.10"]
[Round "3.28"]
[White "Fernandez Martinez, Jose"]
[Black "Navarro Corredor, Angel"]
[Result "1-0"]
[WhiteElo "1632"]
[BlackElo "1456"]
[PlyCount "49"]
[EventDate "2016.02.08"]
[EventType "swiss"]
[EventRounds "9"]
[EventCountry "ESP"]
[SourceDate "2016.02.08"]

1. e4 c5 2. Nf3 d6 3. d4 Bd7 4. d5 g6 5. Nc3 Bg7 6. Be2 Nf6 7. h3 a6 8. a4 O-O
9. O-O Be8 10. Be3 b6 11. Qd2 a5 12. Bh6 Na6 13. Bxg7 Kxg7 14. Nh2 Bd7 15. f4
Nc7 16. Rad1 Be8 17. e5 Ng8 18. Ng4 Nh6 19. Nxh6 Kxh6 20. f5+ Kg7 21. f6+ Kh8
22. Qg5 e6 23. Qh6 Rg8 24. Rf4 g5 25. Bd3 1-0

[Event "Madrid-ch Previa A"]
[Site "Madrid ESP"]
[Date "2016.02.10"]
[Round "3.29"]
[White "Enriquez Pastor, Jorge"]
[Black "Beekhof Harmsen, Willen"]
[Result "1-0"]
[WhiteElo "1425"]
[BlackElo "1626"]
[PlyCount "87"]
[EventDate "2016.02.08"]
[EventType "swiss"]
[EventRounds "9"]
[EventCountry "ESP"]
[SourceDate "2016.02.08"]

1. e4 g6 2. d4 Bg7 3. Nf3 d6 4. Bc4 c6 5. O-O b5 6. Bb3 a5 7. c3 a4 8. Bc2 Nd7
9. Bf4 Bb7 10. Re1 Ngf6 11. h3 O-O 12. Bh2 Re8 13. e5 dxe5 14. Nxe5 Nd5 15. Nd2
a3 16. Qb1 Nxe5 17. Bxe5 Bxe5 18. dxe5 Nxc3 19. bxc3 Qxd2 20. Re3 Qd7 21. Qd1
Qc7 22. Qe2 e6 23. Rd1 Red8 24. Rdd3 Rxd3 25. Rxd3 c5 26. Rd6 Bd5 27. Be4 Bxe4
28. Qxe4 Rc8 29. Ra6 b4 30. cxb4 cxb4 31. Qxb4 Rb8 32. Qf4 Qe7 33. Qc1 Rb2 34.
Qh6 Rb1+ 35. Kh2 Rb8 36. Qe3 Rb2 37. Rxa3 Rxf2 38. Ra8+ Kg7 39. Qxf2 Qc7 40.
Qf6+ Kh6 41. Ra4 Qxe5+ 42. Qxe5 g5 43. Qf6+ Kh5 44. g4+ 1-0

[Event "Madrid-ch Previa A"]
[Site "Madrid ESP"]
[Date "2016.02.10"]
[Round "3.30"]
[White "Sierra Garcia, Ricardo"]
[Black "Martinez Carrasco, Jesus"]
[Result "0-1"]
[WhiteElo "1800"]
[BlackElo "1624"]
[PlyCount "104"]
[EventDate "2016.02.08"]
[EventType "swiss"]
[EventRounds "9"]
[EventCountry "ESP"]
[SourceDate "2016.02.08"]

1. e4 c5 2. Nf3 d6 3. d4 cxd4 4. Nxd4 Nf6 5. Nc3 e6 6. Be2 Nc6 7. Nf3 a6 8. a4
Qc7 9. O-O Bd7 10. Bg5 Be7 11. h3 Rc8 12. g4 Nb4 13. Nh2 b6 14. Be3 d5 15. exd5
Nfxd5 16. Nxd5 Nxd5 17. Bd3 Nxe3 18. fxe3 Qg3+ 19. Kh1 Qxe3 20. Rf3 Bc6 21.
Bxa6 Rd8 22. Qf1 O-O 23. Bb5 Bxf3+ 24. Qxf3 Qd2 25. Bd3 Bd6 26. Nf1 Qg5 27. Ne3
Bc5 28. Re1 Qe5 29. b3 Bd6 30. Re2 Qa1+ 31. Kg2 Bc5 32. Rf2 Qc1 33. Re2 Rd5 34.
b4 Bxe3 35. Qxe3 Qxe3 36. Rxe3 Rfd8 37. Kf2 Rd4 38. Ke2 Rxb4 39. Bb5 Rbd4 40.
Rd3 Rxd3 41. cxd3 Kf8 42. Ke3 e5 43. Ke4 f6 44. h4 Rd4+ 45. Kf3 Ke7 46. Bc6
Rxd3+ 47. Ke4 Rd4+ 48. Kf3 Kd6 49. Bb5 h5 50. gxh5 Rxh4 51. Be8 Ke7 52. Bg6
Rxa4 0-1

[Event "Madrid-ch Previa A"]
[Site "Madrid ESP"]
[Date "2016.02.10"]
[Round "3.31"]
[White "Ballesteros Jimenez, Miguel A"]
[Black "Suarez Mencia, Roberto"]
[Result "1-0"]
[WhiteElo "1607"]
[BlackElo "1448"]
[PlyCount "105"]
[EventDate "2016.02.08"]
[EventType "swiss"]
[EventRounds "9"]
[EventCountry "ESP"]
[SourceDate "2016.02.08"]

1. e4 c5 2. Nf3 Nc6 3. d4 cxd4 4. Nxd4 e5 5. Nb5 d6 6. N1c3 a6 7. Na3 b5 8. Nd5
Nf6 9. Bg5 Be7 10. Nxf6+ Bxf6 11. Bxf6 Qxf6 12. Bd3 Be6 13. O-O b4 14. Nc4 Bxc4
15. Bxc4 Ne7 16. Qd3 a5 17. Bb5+ Kf8 18. Rad1 Rd8 19. c3 g6 20. cxb4 axb4 21.
Qc4 Qe6 22. Qxb4 Kg7 23. a4 Rhf8 24. Bc4 Nc6 25. Qb5 Qc8 26. Bd5 Nd4 27. Qc4
Qxc4 28. Bxc4 f5 29. Rfe1 Nc2 30. Re2 Nd4 31. Red2 fxe4 32. Bd5 Ra8 33. Bxa8
Rxa8 34. Ra1 Nb3 35. Rdd1 Nxa1 36. Rxa1 d5 37. a5 Kf6 38. a6 d4 39. Kf1 Ke6 40.
b4 Kd6 41. b5 Kc5 42. Rb1 Kb6 43. Ke2 Rc8 44. Kd2 d3 45. Rc1 Ra8 46. Rb1 g5 47.
Ke3 Rf8 48. Rb2 Rc8 49. Kxe4 Rc2 50. Rb3 Rxf2 51. Rxd3 Rxg2 52. Ra3 Rxh2 53. a7
1-0

[Event "Madrid-ch Previa A"]
[Site "Madrid ESP"]
[Date "2016.02.15"]
[Round "4.1"]
[White "Garcia Gutierrez, Jose"]
[Black "Fernandez Rios, Jose Francisco"]
[Result "1/2-1/2"]
[WhiteElo "1928"]
[BlackElo "1778"]
[PlyCount "33"]
[EventDate "2016.02.08"]
[EventType "swiss"]
[EventRounds "9"]
[EventCountry "ESP"]
[SourceDate "2016.02.08"]

1. c4 c5 2. b3 d6 3. Bb2 Nf6 4. e3 g6 5. Nf3 Bg7 6. Be2 O-O 7. O-O Bg4 8. Nc3
Nc6 9. d4 Nd7 10. d5 Bxf3 11. Bxf3 Nce5 12. Be2 Nf6 13. f4 Ned7 14. e4 Nxe4 15.
Qc2 Bd4+ 16. Kh1 Nf2+ 17. Kg1 1/2-1/2

[Event "Madrid-ch Previa A"]
[Site "Madrid ESP"]
[Date "2016.02.15"]
[Round "4.2"]
[White "Ruiz Quevedo, Andres"]
[Black "Ortega Morales, Pedro"]
[Result "1-0"]
[WhiteElo "1902"]
[BlackElo "1751"]
[PlyCount "103"]
[EventDate "2016.02.08"]
[EventType "swiss"]
[EventRounds "9"]
[EventCountry "ESP"]
[SourceDate "2016.02.08"]

1. Nf3 d5 2. g3 Nf6 3. Bg2 e6 4. O-O Be7 5. c4 c6 6. b3 O-O 7. Bb2 Nbd7 8. Nc3
Rb8 9. Rc1 a6 10. d3 b5 11. cxd5 cxd5 12. Nd4 Bb7 13. Qc2 Qb6 14. e3 Rfc8 15.
Qb1 Bc5 16. Nce2 e5 17. Nf5 Qe6 18. d4 Bf8 19. dxe5 Nxe5 20. Nf4 Qe8 21. Qa1
Ned7 22. Nh6+ Kh8 23. Bh3 Rxc1 24. Rxc1 Ng8 25. Rc7 Nxh6 26. Rxd7 Bc8 27. Rxd5
Bxh3 28. Nxh3 Rd8 29. Qd1 Be7 30. Nf4 Kg8 31. e4 Rxd5 32. Qxd5 Qd8 33. Qxd8+
Bxd8 34. Nd5 f6 35. Bd4 Kf7 36. Ne3 Ke6 37. f4 Nf7 38. Kg2 Nd6 39. Kf3 g6 40.
g4 f5 41. exf5+ gxf5 42. h3 h6 43. Bc5 fxg4+ 44. hxg4 Nf7 45. Ke4 Kd7 46. Bf8
Ke6 47. Nf5 a5 48. Nxh6 Nxh6 49. Bxh6 a4 50. f5+ Kf7 51. bxa4 bxa4 52. Bc1 1-0

[Event "Madrid-ch Previa A"]
[Site "Madrid ESP"]
[Date "2016.02.15"]
[Round "4.3"]
[White "Roldan Garcia, Angel"]
[Black "Galan Aguado, Fernando"]
[Result "1/2-1/2"]
[WhiteElo "1838"]
[BlackElo "1738"]
[PlyCount "42"]
[EventDate "2016.02.08"]
[EventType "swiss"]
[EventRounds "9"]
[EventCountry "ESP"]
[SourceDate "2016.02.08"]

1. e4 e6 2. d4 d5 3. Nd2 dxe4 4. Nxe4 Bd7 5. Nf3 Bc6 6. Bd3 Nd7 7. O-O Ngf6 8.
Ng3 Be7 9. b3 O-O 10. Bb2 a5 11. a3 h6 12. c4 b6 13. Qe2 Re8 14. Ne5 Bb7 15.
Rad1 Nf8 16. Rfe1 c6 17. Ne4 Nxe4 18. Bxe4 Qc7 19. Qf3 Bd6 20. h3 Rac8 21. Qe3
Qe7 1/2-1/2

[Event "Madrid-ch Previa A"]
[Site "Madrid ESP"]
[Date "2016.02.15"]
[Round "4.4"]
[White "Valencia De Loma, Sergio"]
[Black "Martin Garcia, Francisco Javie"]
[Result "0-1"]
[WhiteElo "1672"]
[BlackElo "1553"]
[PlyCount "140"]
[EventDate "2016.02.08"]
[EventType "swiss"]
[EventRounds "9"]
[EventCountry "ESP"]
[SourceDate "2016.02.08"]

1. e4 d5 2. exd5 Nf6 3. d4 Bg4 4. Bb5+ Nbd7 5. Be2 Bxe2 6. Qxe2 Nxd5 7. c4 N5f6
8. Nf3 g6 9. Nc3 Bg7 10. O-O O-O 11. Bg5 h6 12. Bh4 Re8 13. Rad1 Qc8 14. Rfe1
c6 15. Ne5 Nxe5 16. dxe5 Nh7 17. Nb1 Nf8 18. Na3 Ne6 19. Nc2 Qc7 20. Nd4 Nxd4
21. Rxd4 Rad8 22. Rxd8 Rxd8 23. Bg3 e6 24. f4 Qd7 25. Bh4 Qd4+ 26. Qf2 Qxf2+
27. Kxf2 Rd4 28. Ke3 Rxc4 29. b3 Rc5 30. Rd1 Rd5 31. Rxd5 cxd5 32. b4 g5 33.
fxg5 hxg5 34. Bxg5 Bxe5 35. h3 a6 36. Bh4 Kg7 37. Be1 Kg6 38. Kf3 Kf5 39. a4 b6
40. b5 axb5 41. axb5 Bd6 42. Bf2 Bc7 43. g4+ Kg6 44. Be3 e5 45. h4 Bd8 46. h5+
Kh7 47. Kg3 f6 48. Kf3 Bc7 49. Bf2 Kg7 50. Be3 Kf7 51. Ke2 Kg7 52. Kf3 Kh7 53.
Ke2 d4 54. Bd2 e4 55. Bb4 Kg7 56. Be7 Kf7 57. h6 Kg6 58. Bf8 Bf4 59. Be7 d3+
60. Kd1 Bxh6 61. Bd8 Be3 62. Ke1 Kg5 63. Kd1 Kxg4 64. Bxf6 Kf5 65. Bd8 Ke6 66.
Bh4 Kd5 67. Bg3 Kc5 68. Bh4 Kxb5 69. Bg3 Kc4 70. Bh4 b5 0-1

[Event "Madrid-ch Previa A"]
[Site "Madrid ESP"]
[Date "2016.02.15"]
[Round "4.5"]
[White "Lozano Sanchez, Jose Antonio"]
[Black "Ruiz Sanchez, Roberto"]
[Result "1-0"]
[WhiteElo "1883"]
[BlackElo "1965"]
[PlyCount "59"]
[EventDate "2016.02.08"]
[EventType "swiss"]
[EventRounds "9"]
[EventCountry "ESP"]
[SourceDate "2016.02.08"]

1. e4 c5 2. Nf3 d6 3. Bc4 Nf6 4. Nc3 a6 5. a4 Nc6 6. h3 e6 7. d3 Be7 8. O-O O-O
9. Bf4 b6 10. e5 dxe5 11. Nxe5 Bb7 12. Re1 Nxe5 13. Bxe5 Qd7 14. Qd2 Rad8 15.
Re2 Qc6 16. f3 h6 17. Rae1 Rd7 18. Bxf6 Bxf6 19. Rxe6 Bd4+ 20. Kh1 Qc8 21. Rxb6
Qd8 22. a5 Qh4 23. Ne4 Re8 24. c3 Be5 25. Qf2 Qf4 26. g3 Qf5 27. Kg2 Bb8 28.
Nf6+ gxf6 29. Rxe8+ Kg7 30. Rxb8 1-0

[Event "Madrid-ch Previa A"]
[Site "Madrid ESP"]
[Date "2016.02.15"]
[Round "4.6"]
[White "Fernandez Aransay, Fernando"]
[Black "Morona Minguez, Miguel"]
[Result "1-0"]
[WhiteElo "1800"]
[BlackElo "1927"]
[PlyCount "81"]
[EventDate "2016.02.08"]
[EventType "swiss"]
[EventRounds "9"]
[EventCountry "ESP"]
[SourceDate "2016.02.08"]

1. e4 e5 2. Nf3 Nc6 3. Bb5 a6 4. Bxc6 dxc6 5. Nc3 f6 6. d4 exd4 7. Nxd4 c5 8.
Nde2 Qxd1+ 9. Nxd1 Bd6 10. Bf4 Ne7 11. Ne3 Be6 12. f3 O-O-O 13. h4 Bxf4 14.
Nxf4 Bf7 15. a3 Rd6 16. Rd1 Rhd8 17. Ke2 Nc6 18. Rxd6 Rxd6 19. Rd1 Nd4+ 20. Ke1
b5 21. c3 Ne6 22. Nxe6 Rxd1+ 23. Nxd1 Bxe6 24. Ne3 Kd7 25. Kf2 Kd6 26. Nf1 c4
27. Ke3 c5 28. Ng3 g6 29. Ne2 a5 30. Nf4 Ke5 31. Nxe6 Kxe6 32. Kf4 h6 33. g3 a4
34. Ke3 g5 35. hxg5 hxg5 36. f4 g4 37. Kf2 b4 38. Ke2 bxc3 39. bxc3 Kd7 40. f5
Kd6 41. Kf2 1-0

[Event "Madrid-ch Previa A"]
[Site "Madrid ESP"]
[Date "2016.02.15"]
[Round "4.7"]
[White "Camacho Casado, Demetrio"]
[Black "Calvo De Castro, Miguel"]
[Result "1-0"]
[WhiteElo "1909"]
[BlackElo "1773"]
[PlyCount "83"]
[EventDate "2016.02.08"]
[EventType "swiss"]
[EventRounds "9"]
[EventCountry "ESP"]
[SourceDate "2016.02.08"]

1. e4 e5 2. Nf3 Nc6 3. Nc3 d6 4. Bc4 Bg4 5. O-O Nf6 6. d3 Nd4 7. Be3 Nxf3+ 8.
gxf3 Bh3 9. Re1 Nd7 10. Kh1 Nb6 11. Bb3 Qd7 12. Rg1 f5 13. f4 O-O-O 14. a4 Kb8
15. a5 Nc8 16. a6 b6 17. f3 fxe4 18. dxe4 exf4 19. Bxf4 Be6 20. Rg3 g6 21. Qd3
Ne7 22. Bg5 Bxb3 23. cxb3 c6 24. Rd1 Bg7 25. b4 Rhf8 26. b5 Bxc3 27. bxc6 Nxc6
28. bxc3 Ne5 29. Qd5 Rde8 30. Kg2 h6 31. Bc1 Re6 32. Ba3 Rd8 33. c4 Rf6 34. c5
Nxf3 35. cxb6 Nh4+ 36. Kg1 axb6 37. e5 Rf5 38. Bxd6+ Ka7 39. Rb3 Qf7 40. Qc6
Rxd6 41. exd6 Nf3+ 42. Kh1 1-0

[Event "Madrid-ch Previa A"]
[Site "Madrid ESP"]
[Date "2016.02.15"]
[Round "4.8"]
[White "Garcia Diez, Mariano"]
[Black "Boni De Aristizabal, Marco"]
[Result "1-0"]
[WhiteElo "1902"]
[BlackElo "1735"]
[PlyCount "57"]
[EventDate "2016.02.08"]
[EventType "swiss"]
[EventRounds "9"]
[EventCountry "ESP"]
[SourceDate "2016.02.08"]

1. f4 d5 2. Nf3 c5 3. e3 Nc6 4. d4 e6 5. c3 Qb6 6. Bd3 Nf6 7. Nbd2 Bd6 8. O-O
O-O 9. Ne5 cxd4 10. exd4 Nxe5 11. fxe5 Bxe5 12. Kh1 Bd6 13. Rxf6 gxf6 14. Qg4+
Kh8 15. Qh4 f5 16. Ne4 f6 17. Nxf6 Rf7 18. Be2 Be7 19. Qh5 Rxf6 20. Qe8+ Bf8
21. Bg5 Kg7 22. Bxf6+ Kxf6 23. Qxf8+ Kg6 24. h4 Qxb2 25. h5+ Kg5 26. Qe7+ Kf4
27. Qh4+ Ke3 28. Qg3+ Kd2 29. Qd3# 1-0

[Event "Madrid-ch Previa A"]
[Site "Madrid ESP"]
[Date "2016.02.15"]
[Round "4.9"]
[White "Pashov, Spas Nikolov"]
[Black "Rueda Maria, Ramiro"]
[Result "1-0"]
[WhiteElo "1774"]
[BlackElo "1891"]
[PlyCount "75"]
[EventDate "2016.02.08"]
[EventType "swiss"]
[EventRounds "9"]
[EventCountry "ESP"]
[SourceDate "2016.02.08"]

1. e4 e5 2. Nf3 Nf6 3. Nxe5 Qe7 4. Nf3 Qxe4+ 5. Be2 Be7 6. O-O O-O 7. d4 d5 8.
Re1 Bb4 9. c3 Bd6 10. h3 Bf5 11. Ba6 Nxa6 12. Rxe4 Nxe4 13. Nbd2 Nf6 14. Nf1
Rfe8 15. Be3 c5 16. Qb3 b6 17. Qa4 Nc7 18. Re1 Bd7 19. Qc2 c4 20. Qc1 Ne4 21.
Bf4 Bxf4 22. Qxf4 Ne6 23. Qf5 Nf6 24. Qb1 Nf4 25. Ne5 g6 26. Nxd7 Nxd7 27. Re3
Nf6 28. f3 Rxe3 29. Nxe3 Re8 30. Kf2 Nd3+ 31. Ke2 Nh5 32. Kd2 Ng3 33. b3 b5 34.
bxc4 bxc4 35. Qb5 Re6 36. Qxd5 Nb2 37. Qa8+ Kg7 38. Qb8 1-0

[Event "Madrid-ch Previa A"]
[Site "Madrid ESP"]
[Date "2016.02.15"]
[Round "4.10"]
[White "Gonzalez Recas, Fernando"]
[Black "Santos Garay-Cordovil, Salvado"]
[Result "0-1"]
[WhiteElo "1766"]
[BlackElo "1873"]
[PlyCount "46"]
[EventDate "2016.02.08"]
[EventType "swiss"]
[EventRounds "9"]
[EventCountry "ESP"]
[SourceDate "2016.02.08"]

1. e4 e6 2. d4 d5 3. e5 c5 4. c3 Nc6 5. Nf3 cxd4 6. cxd4 Nge7 7. Bd3 Nf5 8.
Bxf5 exf5 9. a3 Be7 10. Nc3 O-O 11. h3 Be6 12. O-O Rc8 13. Qd3 g5 14. b4 Kh8
15. Bd2 Rg8 16. Nh2 f6 17. f4 fxe5 18. fxe5 Qb6 19. Be3 f4 20. Bf2 Qd8 21. Rac1
Qd7 22. Kh1 h5 23. Qf3 g4 0-1

[Event "Madrid-ch Previa A"]
[Site "Madrid ESP"]
[Date "2016.02.15"]
[Round "4.11"]
[White "Hernandez Garcia, Carlos"]
[Black "Corral Aragon, Juan Maria"]
[Result "0-1"]
[WhiteElo "1737"]
[BlackElo "1841"]
[PlyCount "86"]
[EventDate "2016.02.08"]
[EventType "swiss"]
[EventRounds "9"]
[EventCountry "ESP"]
[SourceDate "2016.02.08"]

1. e4 c6 2. d4 d5 3. Nc3 dxe4 4. Nxe4 Bf5 5. Ng3 Bg6 6. Nf3 Nd7 7. h4 h6 8. Bc4
e6 9. h5 Bh7 10. Bb3 Bd6 11. c4 Bxg3 12. fxg3 Ngf6 13. Bf4 O-O 14. Ne5 Nxe5 15.
Bxe5 Qa5+ 16. Qd2 Qxd2+ 17. Kxd2 Ne4+ 18. Ke3 c5 19. dxc5 Nxc5 20. Bd1 Rfd8 21.
Be2 f6 22. Bc3 Ne4 23. Ba5 Rd7 24. Rhd1 Rxd1 25. Rxd1 Nxg3 26. Bf3 Nf5+ 27. Kf2
Re8 28. Bxb7 Rb8 29. Rd8+ Rxd8 30. Bxd8 Nd6 31. Ba6 Bd3 32. b3 Kf7 33. Bc7 Ne4+
34. Ke3 Bb1 35. b4 Ke7 36. c5 Nc3 37. a3 Nd5+ 38. Kd4 Nxc7 39. Bc4 e5+ 40. Ke3
f5 41. b5 Be4 42. b6 axb6 43. cxb6 Nd5+ 0-1

[Event "Madrid-ch Previa A"]
[Site "Madrid ESP"]
[Date "2016.02.15"]
[Round "4.13"]
[White "Lopez Heras, Arturo"]
[Black "Vazquez Cabeza, Isaac"]
[Result "1-0"]
[WhiteElo "1812"]
[BlackElo "1724"]
[PlyCount "61"]
[EventDate "2016.02.08"]
[EventType "swiss"]
[EventRounds "9"]
[EventCountry "ESP"]
[SourceDate "2016.02.08"]

1. e4 e6 2. d4 d5 3. e5 c5 4. c3 Nc6 5. Nf3 Qb6 6. a3 Nh6 7. Bd3 Bd7 8. Bc2 Be7
9. O-O a5 10. Nbd2 cxd4 11. Nb3 dxc3 12. bxc3 Ng4 13. Bf4 Qc7 14. Re1 Na7 15.
Nfd4 Nh6 16. Qd2 a4 17. Nc1 Nb5 18. Nxb5 Bxb5 19. Ne2 Rc8 20. Reb1 Bxe2 21.
Qxe2 Qc4 22. Qd2 d4 23. Rxb7 Rd8 24. cxd4 Rxd4 25. Rb8+ Bd8 26. Qxd4 Qxd4 27.
Rd1 Nf5 28. Rxd4 Nxd4 29. Bxa4+ Ke7 30. Be3 Ne2+ 31. Kf1 1-0